000 00572 a2200241 4500
260 _aParis
630 _a62 - Ingénieurie. Art de l'ingénieur. technologie en général
650 _a6 - SCIENCES APPLIQUEES
100 _aVolski Dobro, V.
700 _aZablonski, K.
700 _aMak, S.
260 _bMir . Moscou
245 _aEléments de machines
300 _a650p
650 _aMachine : mécanique
260 _c1971
300 _b23 cm
100 _lFr.
037 _a15220
700 _aTrad, Polonski, Valentin
999 _c44299
_d44299